000 00312nam a2200133Ia 4500
005 20251222155210.0
008 251222s9999||||xx |||||||||||||| ||spa||
082 _aMEQ. 76
100 _aZARATE, Eduardo.
245 0 _aVademecum Servicio de Medicinas
250 _a1ra. ed.
264 _bEditores
942 _cLIB
999 _c40269
_d40269